000
00308nam a2200133Ia 4500
100
_a
Cassel/Don
942
_c
RB
654
_a
cobol
245
_a
Advanced structured cobol and program design
260
_b
prentice hall
_a
New Jersey
_c
1988
082
_a
001.6424C
_b
CAS
300
_a
486
546
_a
ENGLISH
999
_c
29736
_d
29736